000 00709na a2200241 4500
001 18726
003 MIRAKIL
005 20181213155044.0
008 161125b tu 000 0
020 _a9786055332297
040 _aMilas
_btur
_cTR-AnCHP
041 _atur
082 _a342.03561
_bA52 2012
090 _a342.03561 A52 2012
245 _aAnayasaya dair tanım ve beklentiler
_bSaha araştırması -2012
_cYayına hazırlayanlar Özge Genç, Pınar Çanga.
260 _aİstanbul
_bTESEV
_c2012
300 _a115 s.
_btbl.; grf.
_c27 sm.
650 _aAnayasa
_xKavramlar
650 _aAnayasa
_xDeğerlendirmeler
700 _aGenç, Özge
700 _aÇanga, Pınar
942 _2ddc
_cBKS
999 _c5687
_d5687